000 00581nam a2200217Ia 4500
008 101110s9999 xx 000 0 und d
041 _aENGLISH
082 _bSR28474
100 _aSherlekar, S.A.
245 _aManagement (volue-orinted holistic approach)
260 _c2004
_bHimalaya pub.house mumbai
300 _a563
365 _b275
520 _aCommerce
546 _aENGLISH
630 _aManagement (volue-orinted holistic approach)
650 _aCommerce
655 _aCommerce
730 _aManagement (volue-orinted holistic approach)
942 _cBOOK
999 _c821008
_d821005